000 00597nam a2200181 4500
001 127926
003 ES-MaACL
005 20230906193124.0
007 t|
008 070214s1970 sp r ||||1| spa d
100 1 _aRivero, José María del.
_997685
245 1 4 _aLos estados de carencia en los agrios /
_cpor José María del Rivero ; prólogo del Dr. Walter Reuther.
250 _a2ª ed. rev. y amp., reimp.
260 _aMadrid :
_bMundi-Prensa,
_c1970.
300 _a510 p., 24 lám. col. :
_bil. ;
_c26 cm.
700 1 _aReuther, Walter.
_996383
852 _aES-MaACL
_jA-6446
_bR.95162
999 _c127926
_d127926